[Event "30th Cracovia Festival-B 2019"]
[Site "Krakow"]
[Date "2019.12.30"]
[Round "5.30"]
[White "Reprun, Nadejda"]
[Black "Kucharski, Bartlomiej"]
[Result "0-1"]
[WhiteElo "1975"]
[BlackElo "2024"]
[Annotator "NA"]
[PlyCount "110"]
[EventDate "2019.12.27"]
[EventCountry "POL"]
[SourceTitle "playchess.com"]
[Source "ChessBase"]
[SourceQuality "1"]
[TimeControl "40/5400+30:1800+30"]

1. e4 d6 2. d4 g6 3. Nc3 Bg7 4. Be3 c6 5. Qd2 b5 6. a3 Nf6 7. Bh6 O-O 8. Bxg7 Kxg7 9. Nf3 Qa5 10. Bd3 Bg4 11. O-O Bxf3 12. gxf3 e5 13. dxe5 dxe5 14. f4 Nbd7 15. Qe3 Rad8 16. Be2 exf4 17. Qxf4 Rfe8 18. b4 Qb6 19. Rad1 Ne5 20. Rxd8 Qxd8 21. Rd1 Qe7 22. h3 Qe6 23. Kh2 Nc4 24. Rd4 Nxa3 25. Rd6 Qe5 26. Qxe5 Rxe5 27. Bd3 Re6 28. Rxe6 fxe6 29. f4 Nd7 30. Kg3 e5 31. Ne2 Kf6 32. Ng1 c5 33. bxc5 Nxc5 34. fxe5+ Kxe5 35. Nf3+ Kf6 36. Kf4 Nxd3+ 37. cxd3 Nc2 38. e5+ Ke7 39. Ke4 b4 40. d4 a5 41. Kd3 Na3 42. d5 b3 43. Kc3 a4 44. d6+ Kd7 45. Nd2 Nb5+ 46. Kb2 Nd4 47. Ne4 Ke6 48. Ng5+ Kxe5 49. d7 Nc6 50. Nxh7 Kf5 51. h4 Ke6 52. Ng5+ Kxd7 53. Ne4 Ke6 54. Nc5+ Kf5 55. Nxa4 Na5 0-1

[Event "30th Cracovia Festival-B 2019"]
[Site "Krakow"]
[Date "2019.12.30"]
[Round "5.31"]
[White "Mikula, Michal"]
[Black "Wojdak, Jan"]
[Result "1-0"]
[WhiteElo "1821"]
[BlackElo "2017"]
[Annotator "NA"]
[PlyCount "113"]
[EventDate "2019.12.27"]
[EventCountry "POL"]
[SourceTitle "playchess.com"]
[Source "ChessBase"]
[SourceQuality "1"]
[TimeControl "40/5400+30:1800+30"]

1. e4 {[%emt 0:00:00]} c5 {[%emt 0:00:00]} 2. b4 {[%emt 0:00:23]} d6 {[%emt 0:01:20]} 3. bxc5 {[%emt 0:09:47]} dxc5 {[%emt 0:02:27]} 4. Nf3 {[%emt 0:00:11]} Nc6 {[%emt 0:00:03]} 5. Bc4 {[%emt 0:00:37]} e6 {[%emt 0:00:14]} 6. O-O {[%emt 0:06:12]} Nf6 {[%emt 0:00:58]} 7. d3 {[%emt 0:01:23]} Be7 {[%emt 0:00:22]} 8. Bb2 {[%emt 0:03:51]} O-O {[%emt 0:01:14]} 9. a4 {[%emt 0:00:19]} a6 {[%emt 0:06:06]} 10. Nbd2 {[%emt 0:03:17]} Qc7 {[%emt 0:00:22]} 11. Re1 {[%emt 0:12:31]} b6 {[%emt 0:18:27]} 12. h3 {[%emt 0:02:06]} Bb7 {[%emt 0:01:20]} 13. Nh2 {[%emt 0:01:16]} e5 {[%emt 0:05:38]} 14. Ndf1 {[%emt 0:03:35]} Na5 {[%emt 0:01:24]} 15. Ne3 {[%emt 0:01:55]} Rad8 {[%emt 0:06:51]} 16. Nhg4 {[%emt 0:04:20]} Nxc4 {[%emt 0:05:17]} 17. Nxc4 {[%emt 0:00:47]} Nxg4 {[%emt 0:01:00]} 18. Qxg4 {[%emt 0:00:13]} Rd4 {[%emt 0:24:02]} 19. Bxd4 {[%emt 0:02:56]} cxd4 {[%emt 0:00:06]} 20. Qf5 {[%emt 0:06:49]} Re8 {[%emt 0:04:39]} 21. Qxe5 {[%emt 0:08:35]} Qxe5 {[%emt 0:00:39]} 22. Nxe5 {[%emt 0:00:05]} Bb4 {[%emt 0:00:03]} 23. Reb1 {[%emt 0:00:07]} Bc3 {[%emt 0:00:21]} 24. Nc4 {[%emt 0:04:58]} Bxa1 {[%emt 0:01:38]} 25. Rxa1 {[%emt 0:01:36]} Bc6 {[%emt 0:03:09]} 26. Nxb6 {[%emt 0:01:05]} Rb8 {[%emt 0:00:33]} 27. a5 {[%emt 0:00:23]} Kf8 {[%emt 0:00:16]} 28. Rb1 {[%emt 0:00:45]} Rd8 {[%emt 0:00:23]} 29. Kf1 {[%emt 0:00:18]} Ke7 {[%emt 0:00:05]} 30. Rb4 {[%emt 0:00:43]} Ke6 {[%emt 0:01:06]} 31. Rc4 {[%emt 0:02:49]} Bb5 {[%emt 0:00:11]} 32. Rc5 {[%emt 0:00:09]} Rd6 {[%emt 0:00:48]} 33. f4 {[%emt 0:00:40]} g6 {[%emt 0:00:04]} 34. Re5+ {[%emt 0:01:04]} Kf6 {[%emt 0:00:05]} 35. Rxb5 {[%emt 0:00:08]} Rc6 {[%emt 0:00:14]} 36. Nd5+ {[%emt 0:00:35]} Kg7 {[%emt 0:00:03]} 37. Rb2 {[%emt 0:01:25]} Rc5 {[%emt 0:00:06]} 38. Ra2 {[%emt 0:09:25]} f5 {[%emt 0:00:14]} 39. Ke2 {[%emt 0:00:07]} Rc6 {[%emt 0:00:16]} 40. e5 {[%emt 0:00:00]} g5 {[%emt 0:00:00]} 41. Kf3 {[%emt 0:04:33]} Kf7 {[%emt 0:00:24]} 42. Nb6 {[%emt 0:01:24]} Kg6 {[%emt 0:00:08]} 43. Ra4 {[%emt 0:02:30]} Rxc2 {[%emt 0:00:12]} 44. Rxd4 {[%emt 0:00:12]} gxf4 {[%emt 0:00:29]} 45. Rxf4 {[%emt 0:00:42]} Rc3 {[%emt 0:00:09]} 46. Rd4 {[%emt 0:00:33]} Kg5 {[%emt 0:00:13]} 47. e6 {[%emt 0:00:30]} Kf6 {[%emt 0:00:04]} 48. Nd5+ {[%emt 0:00:12]} Ke5 {[%emt 0:00:08]} 49. Nxc3 {[%emt 0:00:07]} Kxd4 {[%emt 0:00:07]} 50. Ne2+ {[%emt 0:00:13]} Ke5 {[%emt 0:00:04]} 51. e7 {[%emt 0:00:07]} Kd5 {[%emt 0:00:08]} 52. e8=Q {[%emt 0:00:13]} f4 {[%emt 0:00:05]} 53. Nxf4+ {[%emt 0:00:15]} Kc5 {[%emt 0:00:07]} 54. Qe4 {[%emt 0:00:29]} Kb5 {[%emt 0:00:06]} 55. Qc4+ {[%emt 0:00:12]} Kxa5 {[%emt 0:00:03]} 56. Nd5 {[%emt 0:00:10]} h6 {[%emt 0:00:05]} 57. Qb4# 1-0

[Event "30th Cracovia Festival-B 2019"]
[Site "Krakow"]
[Date "2019.12.30"]
[Round "5.32"]
[White "Widla, Piotr"]
[Black "Trybus, Daniel"]
[Result "0-1"]
[WhiteElo "2014"]
[BlackElo "1862"]
[Annotator "NA"]
[PlyCount "152"]
[EventDate "2019.12.27"]
[EventCountry "POL"]
[SourceTitle "playchess.com"]
[Source "ChessBase"]
[SourceQuality "1"]
[TimeControl "40/5400+30:1800+30"]

1. d4 Nf6 2. Bf4 g6 3. Nd2 c5 4. e3 Bg7 5. Ngf3 O-O 6. Be2 d6 7. h3 Nbd7 8. O-O Qb6 9. Nc4 Qc7 10. a4 b6 11. c3 Ba6 12. Ncd2 Bb7 13. Rc1 Rac8 14. Re1 e5 15. dxe5 dxe5 16. Bh2 Qc6 17. Bb5 Qe6 18. e4 Rfd8 19. Ng5 Qe7 20. Bc4 Rf8 21. Qb3 h6 22. Nxf7 Rxf7 23. Bxf7+ Qxf7 24. Qxf7+ Kxf7 25. Nc4 Ke6 26. Rcd1 Ba6 27. Nd6 Rd8 28. f4 exf4 29. Bxf4 Nh5 30. Bh2 Be5 31. Bxe5 Nxe5 32. Nb5 Rxd1 33. Rxd1 Bxb5 34. axb5 Nf6 35. Ra1 Nxe4 36. Rxa7 Nd6 37. Ra6 Nd7 38. Ra4 Nxb5 39. Rh4 h5 40. g4 Ne5 41. Kg2 hxg4 42. hxg4 Nd3 43. b4 c4 44. g5 Ne5 45. Rh3 Kf5 46. Kf2 Ke4 47. Ke2 Nf7 48. Rh4+ Kd5 49. Kd2 Nbd6 50. Rd4+ Ke5 51. Rg4 Kf5 52. Rg1 Nxg5 53. Ke3 Nde4 54. Ra1 Ke5 55. Rg1 b5 56. Rg4 Kf6 57. Rf4+ Ke5 58. Rg4 Ke6 59. Rg1 Kf5 60. Rf1+ Kg4 61. Rg1+ Ng3 62. Ra1 Nf5+ 63. Ke2 Ne4 64. Rc1 g5 65. Rg1+ Neg3+ 66. Kf2 Kf4 67. Rc1 g4 68. Kg2 Ne3+ 69. Kh2 Ne4 70. Kg1 g3 71. Kh1 Nd2 72. Rg1 g2+ 73. Kh2 Nf3+ 74. Kh3 Nxg1+ 75. Kh2 Nf3+ 76. Kh3 g1=N# 0-1

[Event "30th Cracovia Festival-B 2019"]
[Site "Krakow"]
[Date "2019.12.31"]
[Round "6.26"]
[White "Lutsko, Artem"]
[Black "Slezinski, Nikodem"]
[Result "1-0"]
[WhiteElo "2005"]
[BlackElo "2005"]
[Annotator "NA"]
[PlyCount "101"]
[EventDate "2019.12.27"]
[EventCountry "POL"]
[SourceTitle "playchess.com"]
[Source "ChessBase"]
[SourceQuality "1"]

1. d4 Nf6 2. Nf3 d5 3. c4 e6 4. g3 Be7 5. Bg2 O-O 6. Nc3 dxc4 7. Ne5 Nc6 8. Bxc6 bxc6 9. Nxc6 Qd6 10. Nxe7+ Qxe7 11. Qa4 c5 12. dxc5 {E06: Closed Catalan: Early deviations} Qxc5 13. Be3 Qc7 14. f3 (14. O-O-O Ng4 15. Rd2 Nxe3 16. fxe3 Rb8 17. Rhd1 a5 18. Kb1 h6 19. Ka1 Rb4 {1-0 (49) Caruana,F (2822)-Nakamura,H (2777) Saint Louis 2018}) 14... e5 15. Kf2 (15. O-O-O $14) 15... Be6 $146 ({Predecessor:} 15... Bb7 16. Rhd1 e4 17. Qb5 exf3 18. exf3 Bc6 19. Qf5 Rfe8 {0-1 (34) Bao,Q (2436)-Degraeve,R (2175) Cappelle-la-Grande 2018}) 16. Rhd1 Qb7 17. Rd2 Rfd8 ({Better is} 17... e4 $14) 18. Rxd8+ Rxd8 19. Qxa7 Qxb2 {Double Attack} 20. Qa5 Re8 21. Rb1 Qc2 22. Qxe5 h6 23. Rb8 Rxb8 24. Qxb8+ Kh7 25. Bd4 Qf5 26. Qf4 Qxf4 27. gxf4 Nd5 28. Nxd5 Bxd5 29. a4 g5 30. f5 h5 31. a5 Bb7 32. Be3 Bc8 33. Bxg5 Bxf5 34. a6 Bd7 $18 (34... Bc8 {was worth a try.} 35. a7 Bb7) 35. a7 Bc6 36. Ke3 Kg6 37. h4 f6 38. f4 Kf5 39. Kd4 c3 40. Kxc3 Ke4 41. Bxf6 Kxf4 42. Kd4 Kf5 43. Bg5 Ke6 44. e4 Bb7 45. e5 Bf3 46. Bf4 Bg2 47. Kc5 Kd7 48. Kb6 Bd5 49. e6+ Kxe6 50. Kc7 Kf5 51. Bg5 1-0

[Event "30th Cracovia Festival-B 2019"]
[Site "Krakow"]
[Date "2019.12.31"]
[Round "6.27"]
[White "Bogdanov, Ignat"]
[Black "Trybus, Daniel"]
[Result "1-0"]
[WhiteElo "2082"]
[BlackElo "1862"]
[Annotator "NA"]
[PlyCount "53"]
[EventDate "2019.12.27"]
[EventCountry "POL"]
[SourceTitle "playchess.com"]
[Source "ChessBase"]
[SourceQuality "1"]

{[%evp 9,41,6,0,0,33,12,13,10,10,5,47,23,24,13,46,31,58,50,64,43,32767,32767,32767,18,32767,7,32767,32767,32767,32767,32767,32767,32767,0]} 1. Nc3 d5 2. e4 Nf6 3. e5 Nfd7 4. f4 c5 5. Nf3 Nc6 6. d4 {B02: Alekhine's Defence: Chase Variation and lines with early Nc3} cxd4 7. Nxd4 Nxd4 8. Qxd4 e6 9. Be3 Qa5 $146 ({Predecessor:} 9... Bc5 10. Qd2 Bxe3 11. Qxe3 Qb6 12. Qxb6 Nxb6 13. Bd3 Bd7 14. Ne2 f6 15. O-O fxe5 16. fxe5 Ke7 17. Rf4 Raf8 18. Rg4 g6 19. a4 Rc8 20. Rb4 Bc6 {1-0 (60) Svetushkin,D (2573)-Drozdowski,K (2478) Minsk 2017}) 10. Qd2 a6 11. a3 b5 12. Bd3 Be7 13. O-O Qc7 14. Ne2 O-O 15. Nd4 Nc5 16. c3 Nxd3 17. Qxd3 f6 18. Rae1 fxe5 19. fxe5 Bd7 20. Bf4 Qc4 21. Qg3 $11 Rf7 22. Bh6 Raf8 23. Rf3 Bc5 24. Ref1 Bxd4+ 25. cxd4 Qxd4+ 26. Kh1 Qc5 27. Rxf7 1-0

[Event "30th Cracovia Festival-B 2019"]
[Site "Krakow"]
[Date "2019.12.31"]
[Round "6.28"]
[White "Kucharski, Bartlomiej"]
[Black "Mikula, Michal"]
[Result "1/2-1/2"]
[WhiteElo "2024"]
[BlackElo "1821"]
[Annotator "NA"]
[PlyCount "66"]
[EventDate "2019.12.27"]
[EventCountry "POL"]
[SourceTitle "playchess.com"]
[Source "ChessBase"]
[SourceQuality "1"]

1. Nf3 Nf6 2. g3 c5 3. Bg2 g6 4. O-O Bg7 5. d3 O-O 6. c4 d5 7. Nbd2 e6 {A08: King's Indian Attack} (7... Nc6 8. Rb1 dxc4 9. Nxc4 Be6 10. a3 Rc8 11. Ng5 Bd5 12. Bh3 Bxc4 13. dxc4 Qxd1 14. Rxd1 Rcd8 15. Be3 {0-1 (50) Sipila,V (2463)-Stefansson,H (2539) Warsaw 2013}) 8. Qc2 b6 9. Rb1 Nc6 10. a3 Qd6 $146 ({Predecessor:} 10... a5 11. Rd1 Bb7 12. b3 Ng4 13. h3 Nge5 14. Nxe5 Nd4 15. Qb2 Bxe5 {0-1 (33) Lopes,L (1948)-Cunha,A (2038) Maraba 2016}) 11. e3 Bb7 12. b3 Rfd8 13. Rd1 Rac8 14. Bb2 Qb8 15. Rbc1 Rd7 16. Qb1 d4 17. e4 a5 18. Bh3 Re7 19. Rf1 Rce8 20. Rce1 h6 21. Qd1 g5 22. Bg2 Nh7 23. h4 $17 ({Better is} 23. Bc1 $15) 23... g4 24. Nh2 f5 25. exf5 exf5 26. Rxe7 Rxe7 27. Re1 Be5 28. Ndf1 Qe8 29. Kh1 Bg7 30. Rxe7 Qxe7 31. Bc1 Nf8 32. f3 h5 33. fxg4 fxg4 1/2-1/2

[Event "30th Cracovia Festival-B 2019"]
[Site "Krakow"]
[Date "2019.12.31"]
[Round "6.29"]
[White "Hasterok, Mateusz"]
[Black "Swider, Pawel"]
[Result "0-1"]
[WhiteElo "2018"]
[BlackElo "1803"]
[Annotator "NA"]
[PlyCount "88"]
[EventDate "2019.12.27"]
[EventCountry "POL"]
[SourceTitle "playchess.com"]
[Source "ChessBase"]
[SourceQuality "1"]

1. d4 d5 2. c4 e6 3. Nc3 Nf6 4. Nf3 Be7 5. Bf4 O-O 6. e3 b6 7. cxd5 exd5 8. Bd3 Bb7 9. O-O c5 10. dxc5 {D37: Queen's Gambit Declined: 5 Bf4} bxc5 11. Rc1 (11. Qb3 Qb6 12. Qxb6 axb6 13. Rfd1 Na6 14. a3 Rfd8 15. Nb5 {½-½ (82) Tomashevsky,E (2714)-Bocharov,D (2594) Sochi 2018}) 11... Nc6 12. Bb1 Rc8 $146 ({Predecessor:} 12... Qd7 13. Qa4 Rfd8 14. Rfd1 d4 15. exd4 Nxd4 16. Nxd4 cxd4 17. Qxd7 Rxd7 18. Nb5 a6 19. Nc7 Rad8 20. Bf5 Bd6 {½-½ (20) Sucher,J (2178)-Feistenauer,F (2284) Austria 2004}) 13. Re1 Qd7 14. Qa4 Rfd8 15. Red1 d4 16. Ne4 Qd5 17. Nxf6+ Bxf6 18. Qc2 g6 19. e4 $11 ({Worse is} 19. Qxc5 Qxc5 20. Rxc5 dxe3 $17 {[%mdl 64] Discovered Attack}) 19... Qh5 20. Qb3 Ba8 21. Bd3 Nb4 22. Bc4 Bxe4 23. Bxf7+ Kh8 24. Qe6 Qf5 25. Ng5 Qxf4 26. Nxe4 Rc6 27. Qc4 Qxe4 28. a3 Nd5 29. Re1 Qf5 30. Qb5 Qd7 31. Re4 Rc7 32. Be8 Qxb5 33. Bxb5 Re7 34. Rce1 Rxe4 35. Rxe4 Nc7 36. Bd3 Re8 37. f3 Rxe4 38. fxe4 Kg7 39. Kf2 Bg5 40. b4 cxb4 41. axb4 Kf6 42. Kf3 Ke5 43. Kg4 Bd2 44. b5 Ne6 0-1

[Event "30th Cracovia Festival-B 2019"]
[Site "Krakow"]
[Date "2019.12.31"]
[Round "6.30"]
[White "Lozynskyi, Bohdan"]
[Black "Andolfatto, Maria"]
[Result "1-0"]
[WhiteElo "2087"]
[BlackElo "2004"]
[Annotator "NA"]
[PlyCount "61"]
[EventDate "2019.12.27"]
[EventCountry "POL"]
[SourceTitle "playchess.com"]
[Source "ChessBase"]
[SourceQuality "1"]

{[%evp 8,54,39,16,35,32767,32767,32767,32767,32767,32767,32767,32767,32767,32767,15,23,5,10,0,-8,-3,-1,-25,-34,-38,-35,-39,-50,-43,32767,-68,-62,-77,-59,-64,32767,32767,32767,-110,32767,32767,32767,32767,32767,32767,32767,-14,9]} 1. e4 e5 2. Nf3 Nf6 3. Nxe5 d6 4. Nf3 Nxe4 5. Nc3 Nf6 6. d4 Be7 7. Bd3 O-O 8. h3 {C42: Petroff Defence: 3 Nxe5 and unusual White 3rd moves} (8. O-O Nc6 9. h3 Nb4 10. Bc4 d5 11. Bb3 c6 12. Re1 Na6 13. Ne2 Nc7 14. Ng3 Nfe8 15. c3 Nd6 {1-0 (98) Vachier Lagrave,M (2778)-Yu,Y (2752) Saint Louis 2019}) 8... b6 9. O-O Bb7 10. Bg5 Nbd7 11. Re1 Re8 12. a4 $146 ({Predecessor:} 12. Bc4 a6 13. a4 d5 14. Bd3 h6 {½-½ (68) Nisipeanu,L (2668)-Zhao,J (2552) Khanty-Mansiysk 2007}) 12... a6 13. Nd2 Nf8 14. Nf1 Ne6 15. Be3 c5 16. Bf5 (16. d5 $5 {[%cal Rd5e6]} Nc7 17. Bc4 $11) 16... cxd4 17. Bxd4 Nxd4 18. Qxd4 d5 19. a5 $15 Bc5 20. Rxe8+ Qxe8 21. Qd2 Qe5 22. Bd3 b5 23. Re1 Qc7 24. Ne2 Ne4 25. Bxe4 dxe4 26. Rd1 h6 27. Ne3 Be7 28. Qd7 Rc8 29. c3 Bd8 30. Qe8+ Kh7 31. Rd7 1-0

[Event "30th Cracovia Festival-B 2019"]
[Site "Krakow"]
[Date "2019.12.31"]
[Round "6.31"]
[White "Krawczyk, Wojciech"]
[Black "Klusak, Piotr"]
[Result "1-0"]
[WhiteElo "1885"]
[BlackElo "2084"]
[Annotator "NA"]
[PlyCount "105"]
[EventDate "2019.12.27"]
[EventCountry "POL"]
[SourceTitle "playchess.com"]
[Source "ChessBase"]
[SourceQuality "1"]

1. d4 Nf6 2. Bf4 e6 3. e3 d5 4. c3 Bd6 5. Bg3 O-O 6. Nf3 c5 7. Nbd2 Nc6 8. Bd3 b6 9. O-O {D02: 1 d4 d5 2 Nf3 sidelines, including 2...Nf6 3 g3 and 2...Nf6 3 Bf4} (9. Qe2 Bb7 10. Rd1 Re8 11. e4 Be7 12. e5 Nh5 13. h4 cxd4 14. Nxd4 Nxg3 15. fxg3 Bc5 16. N2f3 f5 {½-½ (45) Esipenko,A (2593)-Karjakin,S (2753) St Petersburg 2018}) 9... Bxg3 10. hxg3 Bb7 11. Re1 Rc8 $146 ({Predecessor:} 11... Re8 12. dxc5 bxc5 13. e4 Rb8 14. exd5 exd5 15. Rxe8+ Qxe8 16. Qa4 Qd8 {½-½ (50) Shariyazdanov,A (2527)-Bocharov,D (2597) Kazan 2016}) 12. Qe2 Qc7 13. Rad1 e5 14. dxe5 Nxe5 15. Nxe5 Qxe5 16. Nf3 Qh5 17. Nh2 Qxe2 18. Rxe2 g6 19. Nf3 Rfe8 20. Red2 Ne4 21. Bxe4 Rxe4 22. Ne1 g5 23. Nc2 Bc6 24. f3 Re7 25. Kf2 Kg7 26. Na3 Rd8 27. Nc4 Rdd7 28. Na3 a5 (28... h5 $11 {keeps the balance.}) 29. c4 dxc4 30. Rxd7 Rxd7 (30... Bxd7 $14 31. Rd6 (31. Nxc4 Be6 $14) 31... b5) 31. Rxd7 Bxd7 32. Nxc4 Be6 33. Nxb6 Bxa2 34. Ke2 h5 35. Kd2 f5 36. Kc3 h4 $18 (36... Be6 $14) 37. gxh4 gxh4 38. b3 Bb1 39. Na4 f4 40. Kd2 Kf6 41. Nxc5 fxe3+ 42. Kxe3 Bc2 43. Kf4 Bd1 44. Kg4 Ke5 45. Kxh4 Kd4 46. Nb7 Bxb3 47. Nxa5 Bd5 48. Kg5 Ke5 49. f4+ Ke6 50. g4 Kf7 51. f5 Kg7 52. Kf4 Kf7 {Ke4} 53. Ke5 1-0

[Event "30th Cracovia Festival-B 2019"]
[Site "Krakow"]
[Date "2019.12.31"]
[Round "6.32"]
[White "Jedynak, January"]
[Black "Janus, Przemyslaw"]
[Result "0-1"]
[WhiteElo "1840"]
[BlackElo "2065"]
[Annotator "NA"]
[PlyCount "108"]
[EventDate "2019.12.27"]
[EventCountry "POL"]
[SourceTitle "playchess.com"]
[Source "ChessBase"]
[SourceQuality "1"]

1. e4 c5 2. Nf3 Nc6 3. d4 cxd4 4. Nxd4 g6 5. c4 Nf6 {Nc} 6. Nc3 d6 7. Be2 Nxd4 {Qx} 8. Qxd4 Bg7 9. Be3 O-O 10. Qd2 Be6 11. O-O Qa5 {R} 12. Rac1 a6 $11 13. f3 Rfb8 14. a4 Nd7 15. b3 Nc5 16. Qc2 Qb4 17. Bd1 f5 18. Na2 Qa3 19. Rb1 Nxa4 20. Re1 Nb2 21. Nc3 Nxd1 22. Rbxd1 Bxc4 23. Rb1 Be6 24. Na4 Rc8 25. Qf2 Rc6 26. Qh4 Re8 27. Nb6 Qb4 28. Nc4 b5 29. Nd2 Rc2 30. Nf1 a5 31. Ng3 Bf7 32. Bg5 Qd4+ 33. Kh1 e6 34. Rbd1 Qf2 35. Qh3 Qc5 36. Qh4 a4 37. bxa4 bxa4 38. Bf6 Bf8 39. exf5 exf5 40. Bg5 Rxe1+ 41. Rxe1 Qf2 42. Rg1 Rc4 43. Qh3 a3 44. Bh6 Be7 45. Nxf5 gxf5 46. Qxf5 Qh4 47. Bc1 d5 48. Qe5 Qf6 49. Qb8+ Kg7 50. Re1 Rxc1 51. Rxc1 a2 52. Qg3+ Qg5 53. Qe1 Qxc1 54. Qxc1 Bf6 0-1

[Event "30th Cracovia Festival-B 2019"]
[Site "Krakow"]
[Date "2020.01.02"]
[Round "7.25"]
[White "Palamarchuk, Andriy"]
[Black "Lutsko, Artem"]
[Result "1/2-1/2"]
[WhiteElo "1899"]
[BlackElo "2005"]
[Annotator "NA"]
[PlyCount "111"]
[EventDate "2019.12.27"]
[EventCountry "POL"]
[SourceTitle "playchess.com"]
[Source "ChessBase"]
[SourceQuality "1"]

1. e4 g6 2. d4 Bg7 3. Nc3 c6 4. Be3 d5 5. Qd2 dxe4 6. Nxe4 Nf6 7. Nxf6+ exf6 8. Bd3 O-O 9. Ne2 f5 10. Bh6 Re8 11. Bxg7 Kxg7 12. O-O Nd7 13. c4 Nf6 14. b4 Ne4 15. Qb2 Qf6 16. f3 Ng5 17. Qd2 h5 18. Bc2 h4 19. Nf4 h3 20. g3 a5 21. bxa5 Rd8 22. Rad1 Ne6 23. Ne2 Nxd4 24. Nxd4 c5 25. Bb3 Rxd4 26. Qc3 Bd7 27. Rd3 f4 28. Rfd1 fxg3 29. Rxd4 gxh2+ 30. Kxh2 Qe5+ 31. Kh1 cxd4 32. Qxd4 Qxd4 33. Rxd4 Bc6 34. Kh2 Rxa5 35. Kxh3 Rf5 36. f4 Rh5+ 37. Kg3 Rh1 38. Rd1 Rxd1 39. Bxd1 Kf6 40. Bc2 g5 41. Kg4 gxf4 42. Kxf4 Ke6 43. Bf5+ Kd6 44. Bc8 Kc5 45. Kf5 Kxc4 46. Kf6 b6 47. Kxf7 Kb4 48. Be6 Ka3 49. Ke7 b5 50. Kd6 Be4 51. Kc5 b4 52. Bb3 Bb1 53. Kc4 Bg6 54. Kc5 Bf5 55. Bf7 Bc2 56. Be6 1/2-1/2

[Event "30th Cracovia Festival-B 2019"]
[Site "Krakow"]
[Date "2020.01.02"]
[Round "7.26"]
[White "Swider, Pawel"]
[Black "Bogdanov, Ignat"]
[Result "1-0"]
[WhiteElo "1803"]
[BlackElo "2082"]
[Annotator "NA"]
[PlyCount "61"]
[EventDate "2019.12.27"]
[EventCountry "POL"]
[SourceTitle "playchess.com"]
[Source "ChessBase"]
[SourceQuality "1"]

1. d4 Nf6 2. Nf3 g6 3. c4 Bg7 4. g3 O-O 5. Bg2 d5 6. Nbd2 Nc6 7. O-O Bg4 8. Ne5 Nxe5 9. dxe5 Ne8 10. cxd5 Bxe5 11. h3 Bd7 12. Nc4 Bg7 13. Qb3 b5 14. Na5 Nd6 15. Bf4 Rb8 16. Rac1 Nc4 17. Nxc4 bxc4 18. Qxc4 e5 19. Be3 Rxb2 20. Qxc7 Rxa2 21. Qxd8 Rxd8 22. Ra1 Rxe2 23. Rxa7 Rb2 24. Rc1 Be8 25. Bg5 Rdb8 26. d6 h6 27. Be3 Bb5 28. Bd5 Rd8 29. Rxf7 Kh8 30. Rcc7 Rxd6 31. Bxh6 1-0

[Event "30th Cracovia Festival-B 2019"]
[Site "Krakow"]
[Date "2020.01.02"]
[Round "7.27"]
[White "Sharma Isha"]
[Black "Kucharski, Bartlomiej"]
[Result "1-0"]
[WhiteElo "2099"]
[BlackElo "2024"]
[Annotator "NA"]
[PlyCount "195"]
[EventDate "2019.12.27"]
[EventCountry "POL"]
[SourceTitle "playchess.com"]
[Source "ChessBase"]
[SourceQuality "1"]

1. e4 e6 2. d4 d5 3. Nd2 dxe4 4. Nxe4 Nd7 5. g3 Ngf6 6. Nxf6+ Nxf6 7. Bg2 c5 8. Ne2 Be7 9. O-O O-O 10. c4 Qb6 11. dxc5 Bxc5 12. a3 Rd8 13. Qc2 a5 14. Bg5 Bd7 15. Bxf6 gxf6 16. Qc3 f5 17. Rab1 Bf8 18. Nf4 Bg7 19. Qc1 Bc6 20. Nh5 Bh8 21. Qg5+ Kf8 22. Qh6+ Kg8 23. Bxc6 Qxc6 24. Rbd1 Rd7 25. b4 axb4 26. axb4 Qc7 27. Qg5+ Kf8 28. Qh6+ Kg8 29. c5 Rad8 30. Rc1 Qc6 31. h3 Qb5 32. Rb1 Ra8 33. Rfd1 Ra2 34. Qf4 Ra8 35. Rxd7 Qxd7 36. b5 Qd3 37. Qc1 Bd4 38. c6 Bxf2+ 39. Kh2 Be3 40. Qb2 Bd4 41. cxb7 Rd8 42. Nf4 Qe4 43. Rd1 e5 44. Qg2 Rb8 45. Qxe4 fxe4 46. Rc1 Rxb7 47. Rc8+ Kg7 48. Nh5+ Kg6 49. g4 Rxb5 50. Rg8+ Kh6 51. Ng3 Rb2+ 52. Kh1 Rb1+ 53. Kg2 Rg1+ 54. Kh2 Rxg3 55. Kxg3 f6 56. Kg2 Be3 57. h4 Bf4 58. Kf2 Bd2 59. Ke2 Bf4 60. Kf2 Bd2 61. Kf1 Bc1 62. Rc8 Be3 63. Rc4 Bd4 64. Rc7 Kg6 65. h5+ Kg5 66. Rg7+ Kh6 67. Rg8 Be3 68. Ke2 Bf4 69. Kd1 Be3 70. Kc2 Bf4 71. Kc3 Be3 72. Kc4 Bf2 73. Kc3 Be3 74. Kc2 Bf4 75. Kd1 Be3 76. Ke2 Bd4 77. Kd2 Bc5 78. Rc8 Bd4 79. Rg8 Bc5 80. Ke2 Bd4 81. Kf1 Be3 82. Kg2 Bd4 83. Kg3 Be3 84. Rc8 Bf4+ 85. Kh3 Bd2 86. Rc4 e3 87. Re4 Kg5 88. Kg3 Be1+ 89. Kf3 Bf2 90. Rc4 h6 91. Ra4 Bg1 92. Ra8 e4+ 93. Ke2 Bh2 94. Rg8+ Kf4 95. Rg6 Kg3 96. Kxe3 Kh4 97. Kxe4 Be5 98. Kf5 1-0

[Event "30th Cracovia Festival-B 2019"]
[Site "Krakow"]
[Date "2020.01.02"]
[Round "7.28"]
[White "Jankowiak, Piotr"]
[Black "Lozynskyi, Bohdan"]
[Result "1-0"]
[WhiteElo "2012"]
[BlackElo "2087"]
[Annotator "NA"]
[PlyCount "81"]
[EventDate "2019.12.27"]
[EventCountry "POL"]
[SourceTitle "playchess.com"]
[Source "ChessBase"]
[SourceQuality "1"]

1. d4 d5 2. Bf4 Nf6 3. e3 c5 4. c3 Nc6 5. Nd2 cxd4 6. exd4 Bf5 7. Qb3 Qc8 8. Ngf3 e6 9. Be2 Be7 10. O-O O-O 11. h3 Qd7 12. Ne5 Nxe5 13. Bxe5 Ne4 14. Nxe4 Bxe4 15. a4 Bd6 16. Bxd6 Qxd6 17. Qd1 Rab8 18. Bd3 Bxd3 19. Qxd3 a6 20. a5 Rfc8 21. Ra3 b5 22. axb6 Rxb6 23. b4 g6 24. Ra5 Rb5 25. Rfa1 Rxa5 26. Rxa5 Rc4 27. Rc5 Rxc5 28. dxc5 Qc6 29. Qg3 Kf8 30. Qb8+ Ke7 31. Qa7+ Ke8 32. Qb8+ Ke7 33. h4 h5 34. g3 Qb5 35. Qc7+ Qd7 36. Qb6 Qb5 37. Qd6+ Kf6 38. c6 Qb6 39. Qd7 Qb5 40. Qd8+ Kf5 41. Qg5+ 1-0

[Event "30th Cracovia Festival-B 2019"]
[Site "Krakow"]
[Date "2020.01.02"]
[Round "7.29"]
[White "Janus, Przemyslaw"]
[Black "Krawczyk, Wojciech"]
[Result "1/2-1/2"]
[WhiteElo "2065"]
[BlackElo "1885"]
[Annotator "NA"]
[PlyCount "156"]
[EventDate "2019.12.27"]
[EventCountry "POL"]
[SourceTitle "playchess.com"]
[Source "ChessBase"]
[SourceQuality "1"]

1. d4 Nf6 2. c4 e6 3. Nc3 Bb4 4. e3 b6 5. Nge2 Bb7 6. a3 Be7 7. Nf4 d6 8. Be2 Nbd7 9. O-O O-O 10. Bf3 c6 11. b4 e5 12. Nd3 Qc7 13. Bb2 Rac8 14. Rc1 Rfe8 15. b5 Bf8 16. Nb4 e4 17. Bg4 Nxg4 18. Qxg4 Nf6 19. Qf5 c5 20. Nbd5 Bxd5 21. Nxd5 Nxd5 22. Qxd5 Rcd8 23. f3 Qe7 24. fxe4 Qe6 25. Rf3 Rd7 26. Qc6 Rde7 27. e5 dxe5 28. d5 Qc8 29. Qxc8 Rxc8 30. e4 f6 31. a4 a6 32. Ra1 Ra7 33. Rfa3 Rca8 34. bxa6 Rxa6 35. Bc3 Bd6 36. a5 bxa5 37. Rxa5 Rxa5 38. Rxa5 Rxa5 39. Bxa5 g6 40. Kf2 Kf7 41. Kf3 f5 42. h3 f4 43. Bd8 h6 44. Kg4 Kg7 45. h4 Kf7 46. h5 Kg7 47. Bh4 Kf7 48. hxg6+ Kxg6 49. Bd8 h5+ 50. Kh4 Kh6 51. Bf6 Kg6 52. Bg5 Bf8 53. Bd8 Bd6 54. Kh3 Kf7 55. Kh2 Kg6 56. Kg1 Kf7 57. Kf2 Ke8 58. Bg5 Kf7 59. Ke2 Ke8 60. Kf3 Kf7 61. g3 fxg3 62. Kxg3 Kg6 63. Bh4 Kf7 64. Kf3 Kg6 65. Ke2 Kg7 66. Kd3 Kg6 67. Kc3 Kf7 68. Kc2 Ke8 69. Kb3 Be7 70. Bg3 Kd7 71. Kc3 Kd6 72. Kd3 h4 73. Bh2 Bg5 74. Ke2 Bf4 75. Bxf4 exf4 76. Kf3 h3 77. Kf2 Ke5 78. Kf3 Kd6 1/2-1/2